The Informed Writter : Using Sources in the Disciplines

Bibliographic Details
Main Author: Bazerman, Charles (Author)
Format: Book
Language:Malay
Published: Boston : Houghton Miflin Company 1989
Edition:Third Edition
Subjects:

MARC

LEADER 00000cam a2200000 7i4500
001 0000000281
005 20240919.0
008 991123 mau may
020 |a 0395369010 (pbk) 
040 |a INS   |b eng   |e rda 
090 0 0 |a PE1417   |b .B362 1989 
100 1 |a Bazerman, Charles ,   |e author 
245 1 4 |a The Informed Writter :   |b Using Sources in the Disciplines   |c Charles Bazerman 
250 |a Third Edition 
264 1 |a Boston :   |b Houghton Miflin Company   |c 1989 
264 4 |c ©1989 
300 |a xiii, 513 pages ;   |c 23 cm. 
336 |a text  |2 rdacontent 
337 |a unmediated  |2 rdamedia 
338 |a volume  |2 rdacarrier 
500 |a Includes index 
650 0 |a English Language   |x Rhetoric 
999 |a 0000004561   |b BOOK   |c Open Shelf   |e Default branch